| 000 | 00452nam a2200169 4500 | ||
|---|---|---|---|
| 001 | 25131 | ||
| 005 | 20230411085953.0 | ||
| 008 | 060907n1997 dr spa | ||
| 020 | _a9681651375 | ||
| 035 | _9funglode25322 | ||
| 041 | _aES | ||
| 100 | _aHale, Charles | ||
| 245 | 1 |
_aJusto Sierra : _bun liberal del porfiriato / _cCharles Hale |
|
| 260 |
_aMéxico : _bFondo de Cultura Económica, _c1997 |
||
| 300 | _a120 p. | ||
| 942 |
_2lcc _cbk |
||
| 999 |
_c110212 _d110212 |
||